000
00210nam a22000857a 4500
008
160716b xxu||||| |||| 00| 0 eng d
100
_9
2971
_a
Spryi
245
_a
Heidi
260
_a
New Delhi
_b
Orient Publication
_c
2003
999
_c
2534
_d
2534